000 01954nam a2200517 i 4500
001 442702
003 KOSZ 005
005 20220425115352.0
008 020820s2001 pl a f f |000 0 pol
015 _aUWD 2002/12923
020 _a8386689064
035 _a991018630519705066
035 _a(PL-WaBN)b15052059-48omnis_nlop
035 _ab15052059
035 _a(OCoLC)830320252
035 _a(PL)b0000001505205
035 _a(EXLNZ-48OMNIS_NETWORK)9910399893805606
040 _aWA N
_cWA N
046 _k2001
080 _a005.5
080 _a(075.8)
100 1 _aBeier, Frederick
_eAutor
245 1 0 _aLogistyka :
_bwprowadzenie do logistyki, podejmowanie menedżerskich decyzji logistycznych, studia przypadków logistycznych, logistyczna gra decyzyjna /
_cFrederick J. Beier, Krzysztof Rutkowski ; [Polsko-Amerykańskie Centrum Zarządzania i Nauk Ekonomicznych].
250 _aWyd. 8.
260 _aWarszawa :
_bSzkoła Główna Handlowa,
_c2001.
300 _a223 s. :
_bil., mapa ;
_c24 cm.
336 _aTekst
_btxt
_2rdacontent
337 _aBez urządzenia pośredniczącego
_bn
_2rdamedia
338 _aWolumin
_bnc
_2rdacarrier
380 _aKsiążki
380 _aPublikacje dydaktyczne
385 _mPoziom nauczania
_aSzkoły wyższe
388 _a1901-2000
388 _a2001-
504 _aBibliogr.
650 7 _aLogistyka gospodarcza
_2DBN
655 7 _aPodręczniki akademickie
_2DBN
658 _aTransport i logistyka
658 _aZarządzanie i marketing
700 1 _aRutkowski, Krzysztof
_c(ekonomista)
_eAutor
710 2 _aOficyna Wydawnicza (Szkoła Główna Handlowa ; Warszawa)
_4pbl
710 2 _aPolsko-Amerykańskie Centrum Zarządzania i Nauk Ekonomicznych
856 _uhttp://koha.tu.koszalin.pl/cgi-bin/koha/opac-detail.pl?biblionumber=42702
_yKatalog online BPK
942 _2UKD
_cKS
999 _c42702
_d42702